Smart marketing
| Main Author: | Slutsky, Jeff |
|---|---|
| Other Authors: | Slutsky, Marc |
| Published: |
Petaling Jaya, Selangor:
Advantage Quest Pub.,
1998.
|
| Subjects: |
| LEADER | 00548cam a2200181 7i4500 | ||
|---|---|---|---|
| 001 | 0000011877 | ||
| 005 | 20170218090000.0 | ||
| 020 | |a 9833246354 (pbk.) | ||
| 020 | |a 9789833246359 | ||
| 090 | 0 | 0 | |a HF5415.122 |b .J58 1998 |
| 100 | 1 | |a Slutsky, Jeff | |
| 245 | 0 | 0 | |a Smart marketing |c Jeff & Marc Slutsky. |
| 260 | |a Petaling Jaya, Selangor: |b Advantage Quest Pub., |c 1998. | ||
| 300 | |a 158 p.; |c 21 cm. | ||
| 650 | 0 | 0 | |a Marketing |
| 700 | 1 | |a Slutsky, Marc | |
| 997 | |a Business & Accountancy, Faculty | ||
| 999 | |a 0000015271 |b BOK |c OPEN SHELF |e 1st Floor, Shah Alam | ||


